00409nam a2200133Ia 4500008004100000041001200041082002600053100003200079245008100111260002500192300001200217500002700229650001900256231217s9999 xx 000 0 und d aEnglish a001.6424JAV SIE;1 R aSierra, Kathy. Bates, Bert. 0aHead first EJB : passing the sun certified business component developer exam c2003bShroffaMumbai axxx+700 aContent page available aHead,first,EJB